000 00467nam a2200193Ia 4500
003 0100
008 130303s9999 xx 000 0 und d
040 _cARRUPELIB
050 _aB2948.C28 1993
245 4 _aThe Cambridge companion to Hegel
260 _aCambridge
260 _bCambridge University
260 _C1993
300 _aviii
300 _b 518p. 23cm.
440 _aCambridge companions
700 _aBeiser, Frederick C. (ed.)
942 0 0 _02
999 _c18920
_d18920